000 00767cam a22002172 4500
001 0000020363
005 20151217152212.0
008 110913s xx 000 0 eng d
020 _a8123917474 :
040 _aKABU
_cKABU
245 1 0 _aForensic mental health nursing :
_bforensic aspects of acute care /
_cedited by the National Forensic Nurses' Research and Development Group.
250 _a1st ed.
260 _aNew Delhi :
_bCBS,
_c2007.
300 _axiv, 302 p.
650 0 _aPsychiatric nursing.
_@0000155901
650 0 _aForensic psychiatric nursing.
_@0000180585
710 2 _aNational Forensic Nurses' Research and Development Group.
_@0000180586
852 1 _9p1050 KES
908 _a110913
950 _@1
999 _c9285
_d9285